[Event "New Zealand Open"]
[Site "Devonport, Auckland NZL"]
[Date "2016.01.05"]
[EventDate "2016.01.02"]
[Round "4.33"]
[Result "1/2-1/2"]
[White "Bernard Alan Carpinter"]
[Black "Louie Wei"]
[WhiteElo "1928"]
[BlackElo "1669"]
[PlyCount "62"]

1. g3 d5 2. Nf3 e6 3. Bg2 Bd6 4. O-O f5 5. c4 c6 6. b3 Nf6
7. Bb2 Nbd7 8. d4 O-O 9. Nbd2 Qe7 10. Ne5 Qe8 11. Ndf3 Ne4
12. Nd3 Ndf6 13. Nfe5 Bxe5 14. Nxe5 Nd7 15. f3 Nef6 16. Ba3 c5
17. dxc5 Nxe5 18. cxd5 exd5 19. f4 Nc6 20. Bxd5+ Nxd5
21. Qxd5+ Qe6 22. Rad1 Rd8 23. Qf3 Nd4 24. Qf2 Nxe2+ 25. Kg2
Qe4+ 26. Kh3 Re8 27. Rd6 Nc3 28. Rd4 Qc6 29. Rd6 Qe4 30. Rd4
Qc6 31. Rd6 Qe4 1/2-1/2

[Event "New Zealand Open"]
[Site "Devonport, Auckland NZL"]
[Date "2016.01.06"]
[EventDate "2016.01.02"]
[Round "5.2"]
[Result "1/2-1/2"]
[White "Alexandr Hilario Takeda dos Santos Fier"]
[Black "Qun Ma"]
[WhiteElo "2607"]
[BlackElo "2606"]
[PlyCount "66"]

1. d4 d5 2. c4 c6 3. Nf3 Nf6 4. Nc3 dxc4 5. a4 Bf5 6. Ne5 Nbd7
7. Nxc4 Nb6 8. Ne5 a5 9. f3 Nfd7 10. Nxd7 Nxd7 11. e4 Bg6
12. Be3 e5 13. h4 f6 14. Bc4 Qb6 15. Qd2 exd4 16. Bxd4 Bc5
17. O-O-O Bxd4 18. Qxd4 Qxd4 19. Rxd4 Rd8 20. h5 Bf7 21. Bxf7+
Kxf7 22. Rhd1 Ke7 23. Kd2 Nc5 24. Ke3 Rxd4 25. Rxd4 Rd8
26. Rxd8 Kxd8 27. f4 Ke7 28. g3 Kd6 29. Kd4 b6 30. Kc4 Ke6
31. Kd4 Kd6 32. Kc4 Ke6 33. Kd4 Kd6 1/2-1/2

[Event "New Zealand Open"]
[Site "Devonport, Auckland NZL"]
[Date "2016.01.06"]
[EventDate "2016.01.02"]
[Round "5.3"]
[Result "1-0"]
[White "Matthieu Cornette"]
[Black "Michael Steadman"]
[WhiteElo "2591"]
[BlackElo "2252"]
[PlyCount "97"]

1. e4 Nf6 2. e5 Nd5 3. d4 d6 4. c4 Nb6 5. exd6 cxd6 6. Nc3 g6
7. h3 Bg7 8. Nf3 O-O 9. Be2 Nc6 10. O-O e5 11. Bg5 f6 12. Be3
Ne7 13. dxe5 dxe5 14. Qb3 Be6 15. Rfd1 Qc8 16. Bxb6 axb6
17. Qxb6 Ra6 18. Qb3 Kh8 19. Nd5 Nc6 20. c5 Ra5 21. Qb6 e4
22. Ne1 f5 23. Bb5 Ra8 24. Bc4 Ne5 25. Bf1 Bf7 26. Qb5 Be8
27. Qb4 Ra4 28. Qb6 Nc4 29. Bxc4 Rxc4 30. Rac1 Rxc1 31. Rxc1
Bf7 32. Nc3 Rd8 33. Nb5 Be5 34. Nc2 Rd2 35. Ne3 Qd7 36. Nd6
Bxd6 37. cxd6 Rxd6 38. Qa5 Qe6 39. Rc7 Kg7 40. Rxb7 Rd3
41. Qc7 h5 42. h4 Rd6 43. Nc4 Rd1+ 44. Kh2 Qf6 45. Qf4 Rd5
46. Rc7 Qd8 47. Nb6 Rb5 48. Nc8 Kg8 49. Na7 1-0

[Event "New Zealand Open"]
[Site "Devonport, Auckland NZL"]
[Date "2016.01.06"]
[EventDate "2016.01.02"]
[Round "5.4"]
[Result "1-0"]
[White "Nigel Short"]
[Black "Nino Maisuradze"]
[WhiteElo "2684"]
[BlackElo "2288"]
[PlyCount "101"]

1. e4 c5 2. Nf3 Nc6 3. Bb5 d6 4. O-O Bd7 5. Re1 a6 6. Bf1 g6
7. h3 Bg7 8. c3 e5 9. d4 exd4 10. cxd4 Nxd4 11. Nxd4 Bxd4
12. Nc3 Bc6 13. Be3 Bg7 14. Qb3 Ne7 15. Rad1 Qc7 16. Bf4 Rd8
17. a4 O-O 18. Bc4 Kh8 19. Qa3 Be8 20. a5 Qb8 21. e5 dxe5
22. Rxd8 Qxd8 23. Bxe5 Nc6 24. Bxg7+ Kxg7 25. Qxc5 Qxa5
26. Qd6 Qd8 27. Ne4 Bd7 28. Qf4 Qe7 29. Qc1 Re8 30. Re3 Qb4
31. b3 f6 32. Qa1 Qf8 33. g4 Ne5 34. Bd5 Bc6 35. Bxc6 bxc6
36. Qxa6 Qe7 37. Qa1 h6 38. Qc3 Rf8 39. f4 Nd7 40. Ng5 Qxe3+
41. Qxe3 hxg5 42. fxg5 fxg5 43. Qxg5 c5 44. Qd5 Rf7 45. Qd6 g5
46. Qe6 Kf8 47. Qh6+ Rg7 48. Kg2 Kf7 49. Qd6 Kg8 50. Kg3 Rh7
51. Qd5+ 1-0

[Event "New Zealand Open"]
[Site "Devonport, Auckland NZL"]
[Date "2016.01.06"]
[EventDate "2016.01.02"]
[Round "5.5"]
[Result "1-0"]
[White "Russell John Dive"]
[Black "Deimante Daulyte"]
[WhiteElo "2311"]
[BlackElo "2378"]
[PlyCount "79"]

1. d4 d5 2. c4 e6 3. Nc3 Bb4 4. Nf3 Nf6 5. e3 O-O 6. Bd3 b6
7. O-O c5 8. Qc2 Ba6 9. cxd5 exd5 10. dxc5 bxc5 11. Rd1 Bb7
12. Na4 Qe7 13. a3 c4 14. axb4 cxd3 15. Rxd3 Na6 16. Bd2 Rfc8
17. Qb3 Rab8 18. Qa3 Bc6 19. Nc5 Nc7 20. Bc3 Ne4 21. Nd4 Be8
22. Rc1 Qh4 23. Rc2 Bb5 24. Rd1 Qh5 25. Nf3 a6 26. Be5 Ng5
27. Bg3 Nxf3+ 28. gxf3 Qxf3 29. Rcc1 Rb6 30. Nd3 Rc6 31. Ne5
Rxc1 32. Rxc1 Qe2 33. h4 f6 34. Nc6 Kf7 35. Na7 Bd3 36. Nxc8
Ne6 37. b5 Kg6 38. Qe7 Bf5 39. Qe8+ Kh6 40. Ne7 1-0

[Event "New Zealand Open"]
[Site "Devonport, Auckland NZL"]
[Date "2016.01.06"]
[EventDate "2016.01.02"]
[Round "5.6"]
[Result "1/2-1/2"]
[White "Scott Wastney"]
[Black "Anthony F Ker"]
[WhiteElo "2345"]
[BlackElo "2283"]
[PlyCount "108"]

1. e4 d6 2. d4 Nf6 3. Nc3 g6 4. f4 Bg7 5. Nf3 c5 6. Bb5+ Bd7
7. e5 Ng4 8. Bxd7+ Qxd7 9. h3 cxd4 10. Qxd4 Nc6 11. Qe4 Nh6
12. g4 O-O-O 13. Bd2 d5 14. Qa4 d4 15. Ne2 Nxe5 16. Qxd7+ Nxd7
17. Nexd4 Nb6 18. c3 Nc4 19. O-O-O Nxd2 20. Rxd2 Rd5 21. Rhd1
Rhd8 22. Kc2 Bxd4 23. Rxd4 Rxd4 24. Rxd4 Rxd4 25. Nxd4 Kd7
26. Kd3 f6 27. c4 Nf7 28. Nf3 Kd6 29. Kd4 Nd8 30. c5+ Kc6
31. Kc4 b5+ 32. cxb6 axb6 33. a4 Kc7 34. Nd4 e5 35. fxe5 fxe5
36. Nf3 Kd6 37. Ng5 h6 38. Ne4+ Kc6 39. Nf6 Nf7 40. Ne4 Nd8
41. b4 Ne6 42. Nf2 Nf4 43. h4 Ng2 44. h5 gxh5 45. gxh5 Ne3+
46. Kd3 Nd5 47. Ng4 Nf4+ 48. Kc4 e4 49. Nxh6 Nxh5 50. Nf5 Nf4
51. Nd4+ Kb7 52. Nc2 Nd3 53. Kd4 Nb2 54. a5 bxa5 1/2-1/2

[Event "New Zealand Open"]
[Site "Devonport, Auckland NZL"]
[Date "2016.01.06"]
[EventDate "2016.01.02"]
[Round "5.7"]
[Result "0-1"]
[White "Paul Anthony Garbett"]
[Black "Aleksei Kulashko"]
[WhiteElo "2250"]
[BlackElo "2341"]
[PlyCount "104"]

1. c4 e5 2. Nc3 Nf6 3. Nf3 Nc6 4. d3 Bb4 5. Bd2 O-O 6. e3 Re8
7. a3 Bxc3 8. Bxc3 d5 9. cxd5 Qxd5 10. Be2 Bg4 11. O-O Rad8
12. Qa4 Qd7 13. Qb3 Be6 14. Qc2 Bf5 15. Rfd1 h6 16. b4 a6
17. Qb2 Qd6 18. Rac1 Nd5 19. Be1 Nb6 20. Qc2 Rd7 21. Bc3 Kh8
22. Ba1 Qe6 23. Nd2 Red8 24. Nb3 Na4 25. Na5 Nxa5 26. bxa5 b5
27. axb6 Nxb6 28. e4 Bg6 29. h3 Re7 30. Qc6 Rd6 31. Qc2 f5
32. Qb1 Qf6 33. f4 Qh4 34. Bxe5 Rde6 35. Rxc7 Rxe5 36. Rxe7
Rb5 37. Re6 Rxb1 38. Rxb1 Na4 39. Rxa6 Nc3 40. Rb8+ Kh7
41. Bf3 Bh5 42. Bxh5 Qxh5 43. Rb2 Qd1+ 44. Kh2 Qxd3 45. Rc6
Nxe4 46. Rc7 Qg3+ 47. Kg1 Qe1+ 48. Kh2 Qg3+ 49. Kg1 Qe3+
50. Kh1 Ng3+ 51. Kh2 Nf1+ 52. Kh1 Qxf4 0-1

[Event "New Zealand Open"]
[Site "Devonport, Auckland NZL"]
[Date "2016.01.06"]
[EventDate "2016.01.02"]
[Round "5.8"]
[Result "0-1"]
[White "Ben Hague"]
[Black "Heather Richards"]
[WhiteElo "2287"]
[BlackElo "2165"]
[PlyCount "50"]

1. e4 Nc6 2. Nc3 e6 3. d4 d5 4. Nf3 Bb4 5. Bd3 Nf6 6. e5 Ne4
7. O-O Nxc3 8. bxc3 Bxc3 9. Rb1 Bb4 10. Ng5 Be7 11. Qh5 g6
12. Qg4 Nxd4 13. Nxf7 Kxf7 14. Qxd4 Bg5 15. c4 c6 16. Bxg5
Qxg5 17. cxd5 cxd5 18. Rfc1 Rf8 19. h4 Qd8 20. h5 Qg5 21. Rc7+
Kg8 22. Qc5 b6 23. Qc6 Qd2 24. Rf1 Qxd3 25. Qxa8 Qxf1+ 0-1

[Event "New Zealand Open"]
[Site "Devonport, Auckland NZL"]
[Date "2016.01.06"]
[EventDate "2016.01.02"]
[Round "5.9"]
[Result "1/2-1/2"]
[White "Matthew Drummond"]
[Black "Leo Zhang"]
[WhiteElo "2255"]
[BlackElo "2087"]
[PlyCount "81"]

1. c4 g6 2. d4 Nf6 3. Nf3 Bg7 4. Nc3 d5 5. cxd5 Nxd5 6. e4
Nxc3 7. bxc3 c5 8. h3 Nc6 9. Be3 Qa5 10. Bd2 O-O 11. Be2 Qc7
12. Rc1 b6 13. O-O Bb7 14. Be3 Rfd8 15. Qd2 e5 16. d5 Ne7
17. Rfd1 Nc8 18. c4 Nd6 19. Qc2 Rf8 20. Bd2 h6 21. Bc3 Qe7
22. Re1 f5 23. exf5 gxf5 24. Nxe5 Bxe5 25. Bd3 Ne4 26. Bxe4
Bxc3 27. d6 Qxd6 28. Bxb7 Bxe1 29. Bxa8 Bxf2+ 30. Qxf2 Rxa8
31. Qxf5 Rf8 32. Qg4+ Kh7 33. Rd1 Qf6 34. Rd7+ Rf7 35. Qe4+
Kg7 36. Rxf7+ Qxf7 37. Qg4+ Kh7 38. Qe4+ Kg7 39. Qg4+ Kh7
40. Qe4+ Kg7 41. Qg4+ 1/2-1/2

[Event "New Zealand Open"]
[Site "Devonport, Auckland NZL"]
[Date "2016.01.06"]
[EventDate "2016.01.02"]
[Round "5.10"]
[Result "0-1"]
[White "Matthew McNabb"]
[Black "Mark Fredrick Noble"]
[WhiteElo "2083"]
[BlackElo "2241"]
[PlyCount "94"]

1. Nf3 d5 2. c4 e6 3. g3 Nf6 4. Bg2 Bd6 5. b3 Nbd7 6. Bb2 O-O
7. O-O c6 8. Qc2 e5 9. d3 Re8 10. e3 b5 11. Nc3 Ba6 12. Nd2
Rc8 13. Rad1 Qb6 14. Rfe1 Bf8 15. Bh3 Bb7 16. e4 dxc4 17. dxc4
Rc7 18. Nf3 Qa5 19. a3 bxc4 20. b4 Qa6 21. Qe2 Bc8 22. Bf1 Nb6
23. Nb1 Bg4 24. h3 Bxf3 25. Qxf3 c5 26. bxc5 Na4 27. Bc1 Bxc5
28. Bg5 Bd4 29. Rc1 Qe6 30. Bxf6 gxf6 31. Qg4+ Qxg4 32. hxg4
Rec8 33. Nd2 Nb2 34. Rc2 c3 35. Nb1 Rc5 36. Rec1 Na4 37. Kg2
Rb8 38. Kf3 Rb6 39. Be2 Rc7 40. Bd3 Rcb7 41. Ra2 Rb2 42. Rxb2
Rxb2 43. Bc2 Nc5 44. Kg2 a5 45. Kf1 Kf8 46. Kg2 Bxf2 47. Nxc3
Be3 0-1

[Event "New Zealand Open"]
[Site "Devonport, Auckland NZL"]
[Date "2016.01.06"]
[EventDate "2016.01.02"]
[Round "5.11"]
[Result "1-0"]
[White "Leonard J McLaren"]
[Black "Shenyue Li"]
[WhiteElo "2236"]
[BlackElo "2007"]
[PlyCount "99"]

1. e4 c5 2. c3 d5 3. exd5 Qxd5 4. d4 Nf6 5. Nf3 e6 6. Na3 cxd4
7. Nb5 Na6 8. Qxd4 Bc5 9. Qxd5 Nxd5 10. b4 Be7 11. a3 Bf6
12. Bd2 Ke7 13. Rc1 Bd7 14. g4 g6 15. g5 Bg7 16. h4 Bc6
17. Nbd4 Bxd4 18. Nxd4 Ndxb4 19. Rh3 e5 20. cxb4 exd4 21. Bxa6
Bd7 22. Bf1 Bxh3 23. Bxh3 Rhe8 24. Bf4 Kf8+ 25. Kd2 Re4
26. Bg3 Rae8 27. Bf1 Rd8 28. Bg2 Re7 29. Kd3 Kg8 30. Be4 b6
31. f3 Re6 32. Bf4 Kf8 33. b5 Rd7 34. a4 Kg8 35. Rc7 Rxc7
36. Bxc7 Re8 37. Bd6 Rd8 38. Be5 Rc8 39. Bc6 Kf8 40. Bf6 a6
41. Kxd4 axb5 42. axb5 Rc7 43. Bd8 Ra7 44. Bxb6 Ra4+ 45. Ke5
Rxh4 46. Bc5+ Kg7 47. b6 Rh1 48. b7 Rb1 49. Ba7 h5 50. b8=Q
1-0

[Event "New Zealand Open"]
[Site "Devonport, Auckland NZL"]
[Date "2016.01.06"]
[EventDate "2016.01.02"]
[Round "5.12"]
[Result "0-1"]
[White "Nathan Goodhue"]
[Black "Reyk Schaefer"]
[WhiteElo "1990"]
[BlackElo "2134"]
[PlyCount "122"]

1. f4 d5 2. Nf3 Nf6 3. b3 c6 4. Bb2 Qc7 5. e3 Bg4 6. Be2 Bxf3
7. Bxf3 Nbd7 8. d4 g6 9. Nd2 Bg7 10. O-O O-O 11. c4 a5 12. Ba3
Nb6 13. Qe2 Rad8 14. Rfc1 Nc8 15. c5 Nd7 16. b4 f6 17. Bg4 e5
18. Be6+ Kh8 19. f5 gxf5 20. Bxf5 Ne7 21. Rf1 Rfe8 22. Qd3
Nxf5 23. Rxf5 Nf8 24. Raf1 axb4 25. Bxb4 Qe7 26. dxe5 fxe5
27. Rf7 Qg5 28. Rxb7 Re7 29. Rxe7 Qxe7 30. e4 dxe4 31. Qxe4
Rd4 32. Qb1 e4 33. Re1 e3 34. Nf3 Re4 35. a3 Ng6 36. Qd3 Re6
37. Qf5 e2 38. Qd3 Nf4 39. Qf5 Rf6 40. Qe5 Qxe5 41. Nxe5 Re6
42. g3 Nd5 43. Nf7+ Kg8 44. Ng5 Re8 45. Kf2 Bd4+ 46. Kf3 Re3+
47. Kg2 Nxb4 48. axb4 Bc3 49. Kf2 Re5 50. Rxe2 Rxg5 51. Re4
Kf7 52. h4 Rd5 53. Rc4 Be5 54. Kf3 Rd4 55. Rxd4 Bxd4 56. Ke4
Bc3 57. g4 Bxb4 58. Kd4 Be1 59. Ke5 Bg3+ 60. Kd4 Bxh4 61. Ke5
Bg3+ 0-1

[Event "New Zealand Open"]
[Site "Devonport, Auckland NZL"]
[Date "2016.01.06"]
[EventDate "2016.01.02"]
[Round "5.13"]
[Result "0-1"]
[White "Hans Gao"]
[Black "Layla Timergazi"]
[WhiteElo "2183"]
[BlackElo "1915"]
[PlyCount "82"]

1. e4 c6 2. d4 d5 3. e5 c5 4. Ne2 Nc6 5. c3 e6 6. Nd2 Nh6
7. Nf3 Nf5 8. Ng3 Nh4 9. Ng5 cxd4 10. Qh5 Ng6 11. f4 dxc3
12. Bd3 cxb2 13. Bxb2 Qa5+ 14. Kd1 Nb4 15. Bb1 Qa4+ 16. Kd2
Na6 17. Ne2 Bb4+ 18. Ke3 Bc5+ 19. Kf3 Qb5 20. Bc1 d4 21. Rd1
Nb4 22. Be4 d3 23. Nc3 Qc4 24. Bb2 Qd4 25. Rf1 Qe3+ 26. Kg4
f5+ 27. exf6 gxf6 28. Bxg6+ Ke7 29. Bxh7 e5+ 30. Kh4 fxg5+
31. fxg5 Be6 32. g6 Kd7 33. Rf3 Qd4+ 34. g4 Rhf8 35. Raf1 Rxf3
36. Rxf3 Rf8 37. Rxf8 Bxf8 38. Nd1 Be7+ 39. Kh3 Qe4 40. Bxe5
Qf3+ 41. Bg3 Qf1# 0-1

[Event "New Zealand Open"]
[Site "Devonport, Auckland NZL"]
[Date "2016.01.06"]
[EventDate "2016.01.02"]
[Round "5.14"]
[Result "1-0"]
[White "Thorben Koop"]
[Black "Edward Rains"]
[WhiteElo "2417"]
[BlackElo "2016"]
[PlyCount "119"]

1. Nf3 Nf6 2. g3 g6 3. Bg2 Bg7 4. O-O O-O 5. c4 d6 6. d4 Nc6
7. h3 a6 8. Be3 e5 9. Nc3 Rb8 10. Rc1 exd4 11. Nxd4 Nxd4
12. Bxd4 Be6 13. Nd5 Bxd5 14. cxd5 Nd7 15. Rc3 Nb6 16. Bxg7
Kxg7 17. Qd4+ Kg8 18. Rfc1 Na8 19. h4 Qd7 20. h5 Qf5 21. Bf3
Rfe8 22. Kg2 Qe5 23. Qh4 g5 24. Qg4 h6 25. e4 Rf8 26. R1c2
Rbe8 27. Rb3 Rb8 28. Rc4 Kh8 29. a4 Nb6 30. Rxc7 Nxa4
31. Rcxb7 Rxb7 32. Rxb7 Nxb2 33. Be2 Na4 34. Qf5 Qxf5 35. exf5
Nc5 36. Rb6 Rd8 37. Bxa6 Nxa6 38. Rxa6 Kg7 39. Kf3 Kf6 40. Ke4
Re8+ 41. Kd4 Rd8 42. g4 Rd7 43. f3 Kg7 44. Kc4 Kf6 45. Kb5 Ke5
46. Kc6 Re7 47. Ra4 Kf6 48. Kxd6 Re3 49. f4 gxf4 50. Rxf4 Ra3
51. Re4 Ra2 52. Kc6 Rc2+ 53. Kd7 Rd2 54. d6 Ra2 55. Kd8 Ra8+
56. Kc7 Ra7+ 57. Kb6 Rd7 58. Kc6 Ra7 59. d7 Ra6+ 60. Kb7 1-0

[Event "New Zealand Open"]
[Site "Devonport, Auckland NZL"]
[Date "2016.01.06"]
[EventDate "2016.01.02"]
[Round "5.15"]
[Result "0-1"]
[White "Hilton P Bennett"]
[Black "Robert Wayne Smith"]
[WhiteElo "1958"]
[BlackElo "2208"]
[PlyCount "94"]

1. e4 c5 2. f4 e6 3. Nf3 a6 4. d3 d5 5. Nbd2 b5 6. g3 Nf6
7. Qe2 Be7 8. Bg2 O-O 9. O-O Nc6 10. e5 Ne8 11. c3 Rb8 12. g4
b4 13. c4 Nc7 14. Nb3 a5 15. Be3 a4 16. Nbd2 dxc4 17. dxc4 Nd4
18. Qf2 Nxf3+ 19. Nxf3 Na6 20. Rad1 Qc7 21. Nd2 Bb7 22. Ne4
Rbd8 23. Qg3 Rxd1 24. Rxd1 Bxe4 25. Bxe4 Rd8 26. Qe1 Nb8
27. Qe2 g6 28. Qc2 Rxd1+ 29. Qxd1 Qa5 30. Kg2 a3 31. b3 Qc7
32. Qd3 Nd7 33. Bf3 Nf8 34. Kg3 g5 35. Be4 Ng6 36. Bxg6 hxg6
37. Qe4 gxf4+ 38. Bxf4 Qd8 39. Qe3 g5 40. Bxg5 Bxg5 41. Qxc5
Qd3+ 42. Kg2 Qe4+ 43. Kf2 Bh4+ 44. Kf1 Qf3+ 45. Kg1 Qxg4+
46. Kf1 Qf3+ 47. Kg1 Bg5 0-1

[Event "New Zealand Open"]
[Site "Devonport, Auckland NZL"]
[Date "2016.01.06"]
[EventDate "2016.01.02"]
[Round "5.16"]
[Result "1/2-1/2"]
[White "Helen Milligan"]
[Black "Tim Reilly"]
[WhiteElo "1957"]
[BlackElo "2203"]
[PlyCount "84"]

1. e4 d6 2. d4 g6 3. Nc3 Bg7 4. Be3 a6 5. a4 Nf6 6. h3 O-O
7. Nf3 b6 8. Bd3 Bb7 9. Qd2 Nbd7 10. O-O e5 11. dxe5 dxe5
12. Rad1 Qe7 13. Rfe1 Nc5 14. Bg5 Rad8 15. Qe2 h6 16. Bc1 Rd7
17. b3 Rfd8 18. Ba3 Bf8 19. Bc4 Rxd1 20. Rxd1 Rxd1+ 21. Qxd1
Nfxe4 22. Nxe4 Bxe4 23. Bxa6 Qf6 24. Bxc5 Bxc5 25. Qe2 Qf4
26. Bc4 Kg7 27. Ne1 Bd4 28. Nd3 Qf5 29. g4 Qf3 30. Qxf3 Bxf3
31. Nb4 f5 32. gxf5 gxf5 33. Nd5 c6 34. Ne7 Kf6 35. Ng8+ Kg5
36. h4+ Kxh4 37. Nxh6 Kg5 38. Nf7+ Kf4 39. Nd8 Be4 40. Ne6+
Kf3 41. Ng5+ Kf4 42. Nxe4 Kxe4 1/2-1/2

[Event "New Zealand Open"]
[Site "Devonport, Auckland NZL"]
[Date "2016.01.06"]
[EventDate "2016.01.02"]
[Round "5.17"]
[Result "1-0"]
[White "Alphaeus Wei Ern Ang"]
[Black "Stanley Yee"]
[WhiteElo "2136"]
[BlackElo "1975"]
[PlyCount "77"]

1. d4 d5 2. c4 c6 3. Nc3 Nf6 4. Nf3 dxc4 5. a4 Bf5 6. Ne5 Nbd7
7. Nxc4 Qc7 8. Qd2 e6 9. f3 Bb4 10. e4 Bg6 11. Qf4 Qxf4
12. Bxf4 O-O 13. g4 Ne8 14. h4 f6 15. O-O-O Nb6 16. Na2 Be7
17. a5 Nxc4 18. Bxc4 Bf7 19. e5 b5 20. Bd3 Bg6 21. h5 Bxd3
22. Rxd3 fxe5 23. Bxe5 Nf6 24. Bxf6 Bxf6 25. Re1 Rad8 26. Rxe6
Bxd4 27. Kc2 c5 28. Re4 Rfe8 29. Nc3 Bxc3 30. Kxc3 Rxd3+
31. Kxd3 Rd8+ 32. Ke3 Kf7 33. Re5 Re8 34. Rxe8 Kxe8 35. Ke4
Kd7 36. Kd5 c4 37. a6 Kc7 38. Kc5 b4 39. Kxb4 1-0

[Event "New Zealand Open"]
[Site "Devonport, Auckland NZL"]
[Date "2016.01.06"]
[EventDate "2016.01.02"]
[Round "5.18"]
[Result "1-0"]
[White "Tony Dowden"]
[Black "Sean Watharow"]
[WhiteElo "2088"]
[BlackElo "1913"]
[PlyCount "55"]

1. f4 c5 2. Nf3 Nc6 3. g3 e6 4. Bg2 d5 5. d3 Nf6 6. O-O Be7
7. Na3 O-O 8. c4 Qb6 9. h3 Rd8 10. Qe1 Nb4 11. Qf2 Nd7 12. Ne1
d4 13. Nac2 Nf6 14. Nxb4 Qxb4 15. Nf3 Rb8 16. b3 Qa5 17. Bd2
Qc7 18. a3 a5 19. Rfb1 b5 20. Ne5 Bb7 21. cxb5 Bxg2 22. Qxg2
Rxb5 23. a4 Rb7 24. Bxa5 Qc8 25. Bxd8 Bxd8 26. Qc6 Rc7 27. Qb5
Nd5 28. Qe8# 1-0

[Event "New Zealand Open"]
[Site "Devonport, Auckland NZL"]
[Date "2016.01.06"]
[EventDate "2016.01.02"]
[Round "5.19"]
[Result "1/2-1/2"]
[White "Gino Thornton"]
[Black "William F Forster"]
[WhiteElo "2207"]
[BlackElo "1975"]
[PlyCount "64"]

1. d4 Nf6 2. Nf3 c5 3. e3 g6 4. Nbd2 Bg7 5. dxc5 Qa5 6. a3
Qxc5 7. b4 Qc7 8. Bb2 O-O 9. c4 b6 10. Be2 Bb7 11. O-O d6
12. Rc1 Nbd7 13. Qb3 Rfc8 14. Rfd1 Qd8 15. h3 Rc7 16. Bd3 Rac8
17. Nd4 a6 18. Ne2 e6 19. Nf4 Qe7 20. Bc3 e5 21. Ne2 d5
22. Bb2 e4 23. Bb1 dxc4 24. Bxf6 Nxf6 25. Rxc4 Rxc4 26. Nxc4
Bd5 27. Rxd5 Nxd5 28. Bxe4 Qxe4 29. Nd6 Qc2 30. Qxd5 Rf8
31. Nd4 Qc1+ 32. Kh2 Qc7 1/2-1/2

[Event "New Zealand Open"]
[Site "Devonport, Auckland NZL"]
[Date "2016.01.06"]
[EventDate "2016.01.02"]
[Round "5.21"]
[Result "0-1"]
[White "Paul Macdonald"]
[Black "David Cilia Vincenti"]
[WhiteElo "1946"]
[BlackElo "2061"]
[PlyCount "58"]

1. b3 e5 2. Bb2 Nc6 3. c4 Nf6 4. g3 d5 5. Bg2 d4 6. d3 Bc5
7. Nf3 O-O 8. O-O e4 9. dxe4 Nxe4 10. Ne1 Bf5 11. Nd3 Bd6
12. Nd2 Nxd2 13. Qxd2 Qd7 14. Rfe1 Rad8 15. a3 Rfe8 16. b4 Be4
17. Rac1 Bxg2 18. Kxg2 Ne5 19. c5 Nxd3 20. Qxd3 Be5 21. e4 g5
22. b5 Re6 23. g4 Rf6 24. h3 h5 25. f3 Kg7 26. Rc4 hxg4
27. fxg4 Qxb5 28. Bxd4 Bxd4 29. Rxd4 Qxd3 0-1

[Event "New Zealand Open"]
[Site "Devonport, Auckland NZL"]
[Date "2016.01.06"]
[EventDate "2016.01.02"]
[Round "5.22"]
[Result "1-0"]
[White "Christopher Benson"]
[Black "Daniel Hanwen Gong"]
[WhiteElo "1920"]
[BlackElo "2055"]
[PlyCount "41"]

1. c4 Nf6 2. Nc3 g6 3. g3 Bg7 4. Bg2 e5 5. Nf3 Nc6 6. O-O O-O
7. d3 d6 8. Rb1 a5 9. a3 Re8 10. b4 axb4 11. axb4 Nd7 12. Bd2
f5 13. e4 f4 14. Nd5 g5 15. Nxg5 Nd4 16. Qh5 h6 17. Nf7 Ne2+
18. Kh1 Nf6 19. Qg6 Ng4 20. Nxd8 Rxd8 21. h3 1-0

[Event "New Zealand Open"]
[Site "Devonport, Auckland NZL"]
[Date "2016.01.06"]
[EventDate "2016.01.02"]
[Round "5.23"]
[Result "0-1"]
[White "P Wayne Power"]
[Black "William Xiang Wei Li"]
[WhiteElo "1889"]
[BlackElo "2030"]
[PlyCount "116"]

1. d4 Nf6 2. c4 c5 3. d5 b5 4. cxb5 a6 5. bxa6 g6 6. g3 Bxa6
7. Bg2 d6 8. Nf3 Bg7 9. O-O Nbd7 10. Nc3 Nb6 11. Re1 O-O
12. e4 Nfd7 13. Rb1 Nc4 14. Bf1 Qa5 15. Qc2 Rfb8 16. Bxc4 Bxc4
17. Bd2 Qa6 18. Ra1 Bd3 19. Qc1 Nb6 20. e5 Nc4 21. exd6 exd6
22. b3 Na3 23. Bh6 Nc2 24. Bxg7 Kxg7 25. Re7 Nxa1 26. Qxa1 Kf8
27. Rc7 Rc8 28. Nb5 Kg8 29. Qf6 Rf8 30. Nxd6 Qxa2 31. Kg2 Qa1
32. Qxa1 Rxa1 33. Kh3 Ra6 34. Nc4 Be4 35. Nfd2 Bxd5 36. Rxc5
Bxc4 37. Rxc4 Rd8 38. Rc2 Rb6 39. Kg2 Rd3 40. Rb2 Kg7 41. Kf1
Rd5 42. Kg2 Rdb5 43. Kf3 Kf6 44. h3 Ke6 45. Ke3 Re5+ 46. Kf3
Reb5 47. Ke3 Rd5 48. Kf3 Kd7 49. Ke4 Kc6 50. Rc2+ Rc5 51. Ra2
h6 52. Ra3 Kb5 53. Nc4 Re6+ 54. Kd4 Kb4 55. Ra8 Rb5 56. Ra1
Rb7 57. Kd3 Rd7+ 58. Kc2 Re2+ 0-1

[Event "New Zealand Open"]
[Site "Devonport, Auckland NZL"]
[Date "2016.01.06"]
[EventDate "2016.01.02"]
[Round "5.24"]
[Result "1-0"]
[White "Kim Yew Chan"]
[Black "Richard Taylor"]
[WhiteElo "2019"]
[BlackElo "1888"]
[PlyCount "53"]

1. d4 Nf6 2. c4 e6 3. g3 d5 4. Nf3 c6 5. Bg2 dxc4 6. Ne5 Bb4+
7. Nc3 O-O 8. O-O c5 9. dxc5 Bxc5 10. Qxd8 Rxd8 11. Bg5 Nc6
12. Nxc4 Bd7 13. Rad1 Be7 14. Bf4 Be8 15. Bd6 Bxd6 16. Nxd6
Rab8 17. b3 Kf8 18. Nxe8 Kxe8 19. Nb5 Rxd1 20. Rxd1 a6
21. Bxc6+ bxc6 22. Nc7+ Ke7 23. Nxa6 Rb6 24. Nc5 Nd5 25. e4
Nc3 26. Rd7+ Kf6 27. Rd3 1-0

[Event "New Zealand Open"]
[Site "Devonport, Auckland NZL"]
[Date "2016.01.06"]
[EventDate "2016.01.02"]
[Round "5.25"]
[Result "1-0"]
[White "Leighton Nicholls"]
[Black "Roger L Perry"]
[WhiteElo "1910"]
[BlackElo "2005"]
[PlyCount "45"]

1. f4 d5 2. Nf3 Bg4 3. Ne5 Bh5 4. g3 f6 5. Nd3 Nc6 6. Bg2 e5
7. O-O e4 8. Nf2 f5 9. d3 Nf6 10. c4 Bc5 11. cxd5 Qxd5 12. Nc3
Qd7 13. dxe4 Qxd1 14. Rxd1 Ng4 15. e3 Nxf2 16. Rd5 Bxe3
17. Bxe3 Ng4 18. Bc5 Bf7 19. Re1 Bxd5 20. exd5+ Kf7 21. dxc6
Rae8 22. Rxe8 Rxe8 23. cxb7 1-0

[Event "New Zealand Open"]
[Site "Devonport, Auckland NZL"]
[Date "2016.01.06"]
[EventDate "2016.01.02"]
[Round "5.26"]
[Result "1-0"]
[White "Karl Kai Zhu"]
[Black "Caroline Yan"]
[WhiteElo "1996"]
[BlackElo "1672"]
[PlyCount "97"]

1. e4 e6 2. d4 d5 3. Nc3 Nf6 4. e5 Nfd7 5. f4 c5 6. Nf3 Nc6
7. Be3 b6 8. Qd2 Bb7 9. g3 Rc8 10. Bg2 a6 11. O-O cxd4
12. Nxd4 Nxd4 13. Bxd4 Bc5 14. f5 Bxd4+ 15. Qxd4 Rc4 16. Qf2
Qe7 17. Rae1 Qc5 18. fxe6 Qxf2+ 19. Rxf2 fxe6 20. Bh3 Ke7
21. Ne2 Re4 22. Ref1 Rf8 23. Nf4 Rxe5 24. Nxe6 Rxf2 25. Kxf2
Rxe6 26. Bxe6 Kxe6 27. Ke3 Nf6 28. Kd4 Kd6 29. h3 Bc8 30. h4
Be6 31. Re1 Ne4 32. Re3 b5 33. b4 h5 34. Ra3 Bc8 35. Rf3 Be6
36. a4 Bg4 37. Ra3 Be2 38. axb5 Bxb5 39. Rf3 Be2 40. Rf5 Bc4
41. Rxh5 Nxg3 42. Rg5 Ne2+ 43. Ke3 d4+ 44. Ke4 Kc6 45. Rc5+
Kb6 46. Rxc4 Kb5 47. Kd3 Nf4+ 48. Kxd4 Ne6+ 49. Kd5 1-0

[Event "New Zealand Open"]
[Site "Devonport, Auckland NZL"]
[Date "2016.01.06"]
[EventDate "2016.01.02"]
[Round "5.27"]
[Result "0-1"]
[White "Leo Zhu"]
[Black "Allen Chi Zhou Fan"]
[WhiteElo "1989"]
[BlackElo "1825"]
[PlyCount "136"]

1. e4 Nf6 2. e5 Nd5 3. d4 d6 4. c4 Nb6 5. exd6 exd6 6. Nc3 Be7
7. Qf3 Nc6 8. Be3 O-O 9. O-O-O Be6 10. c5 Nc8 11. Nge2 Bf6
12. Nf4 N8e7 13. Bd3 d5 14. Nxe6 fxe6 15. Qh3 Nf5 16. Bxf5
exf5 17. Qxf5 Ne7 18. Qd3 Qd7 19. Rde1 b6 20. Rhg1 Rad8
21. cxb6 axb6 22. g4 g6 23. Qd2 Nc6 24. f4 Rfe8 25. f5 Qg7
26. g5 Bxd4 27. f6 Bxc3 28. Qxc3 Qd7 29. Rgf1 Kf7 30. Bf4 Ra8
31. a3 Ra4 32. Qb3 Rxe1+ 33. Rxe1 Rxf4 34. Qe3 Re4 35. Qg3
Rxe1+ 36. Qxe1 Nd4 37. Qh4 Qc6+ 38. Kb1 Qc2+ 39. Ka2 Qc4+
40. Kb1 Nb3 41. Qxh7+ Ke6 42. Qe7+ Kf5 43. Qe1 Qc5 44. f7 Kxg5
45. Qg3+ Kf6 46. f8=Q+ Qxf8 47. Qxb3 Qd6 48. Qf3+ Ke7 49. Qe3+
Qe6 50. Qg3 Kd7 51. Qc3 Qe4+ 52. Ka1 d4 53. Qh3+ Kd6 54. Qg3+
Kc6 55. Qf2 d3 56. Qf6+ Kb7 57. Qc3 Qh1+ 58. Ka2 Qd5+ 59. Qb3
Qd6 60. Qd1 d2 61. Qf3+ Ka7 62. Qd1 Qxh2 63. Qa4+ Kb7 64. Qe4+
c6 65. Qe7+ Ka6 66. Qb4 d1=Q 67. Qb5+ cxb5 68. a4 Qxa4+ 0-1